| 000 | 00471nam a2200181Ia 4500 | ||
|---|---|---|---|
| 008 | 240925s9999 xx 000 0 und d | ||
| 020 | _a9781784158415 | ||
| 082 | _a338 KAP | ||
| 100 | _aKaplan | ||
| 245 | 0 | _aACCA Strategic Business Leader (SBL) | |
| 250 | _a1st | ||
| 260 |
_aUnited Kingdom: _bKaplan Publishing _c,2017. |
||
| 300 |
_axxx,690p. _bNA _fOriginal |
||
| 500 | _aIncludes Index | ||
| 600 | _aSocial Sciences | ||
| 650 | _aSocial Sciences | ||
| 942 | _cBK | ||
| 999 |
_c16037 _d16037 |
||